| 000 | 00504nam a2200157 i 4500 | ||
|---|---|---|---|
| 001 | 74222 | ||
| 003 | ES-MaACL | ||
| 005 | 20230906172045.0 | ||
| 007 | t| | ||
| 008 | 040916s1981 sp ||||1| spa d | ||
| 100 | 1 |
_aGonzález Echegaray, Rafael. _958610 |
|
| 245 | 1 | 3 |
_aUn retazo de la historia santanderina _b: Mutua Montañesa / _cRafael González Echegaray. |
| 260 |
_aSantander : _b[s.n., _c1981] ( _fArtes Gráf. Resma) |
||
| 300 |
_a143 p. : _bil. ; _c27 cm. |
||
| 852 |
_aES-MaACL _jL-1569 _bR.102126 |
||
| 999 |
_c74222 _d74222 |
||